[Event "Titled Tuesday intern op 14th May Late"]
[Site "Chess.com INT"]
[Date "2024.05.14"]
[Round "4"]
[White "Cooklev, Steven"]
[Black "Maycock Bates, David Henry"]
[Result "0-1"]
[WhiteElo "2014"]
[BlackElo "2266"]
[PlyCount "120"]
[EventDate "2024.05.14"]
[EventType "swiss (blitz)"]
[EventRounds "11"]
[EventCountry "USA"]
[SourceTitle "CB21_2024"]
[SourceDate "2024.05.22"]
[SourceVersion "1"]
[SourceVersionDate "2024.05.22"]
[SourceQuality "1"]

1. e4 d5 2. exd5 c6 3. dxc6 Nxc6 4. Bb5 e5 5. Nf3 Bd6 6. d4 e4 7. Qe2 Qe7 8. Nfd2 Nf6 9. Nc3 Bg4 10. f3 exf3 11. Bxc6+ bxc6 12. Qxe7+ Kxe7 13. Nxf3 Bxf3 14. gxf3 Rhe8 15. 0-0 Kd7 16. Bg5 Nd5 17. Ne4 Rab8 18. Nxd6 Kxd6 19. c4 h6 20. Bc1 Ne3 21. Re1 Nc2 22. Bf4+ Kd7 23. Bxb8 Nxe1 24. Bxa7 Nxf3+ 25. Kf2 Nd2 26. b3 Ra8 27. Bb6 Nxb3 28. Rb1 Rxa2+ 29. Ke3 Nd2 30. Rc1 f5 31. Bc5 Ne4 32. Rg1 g5 33. h4 Ng3 34. hxg5 hxg5 35. d5 cxd5 36. cxd5 Ra5 37. Bd4 Rxd5 38. Bf6 f4+ 39. Kf3 Rd3+ 40. Kg4 Ne2 41. Re1 Rg3+ 42. Kf5 f3 43. Bxg5 f2 44. Rd1+ Kc6 45. Bh4 Rf3+ 46. Ke4 f1Q 47. Rxf1 Rxf1 48. Ke3 Nc3 49. Kd2 Nd5 50. Kd3 Rf4 51. Bg3 Ra4 52. Be1 Kc5 53. Bd2 Ra3+ 54. Ke4 Kc4 55. Bh6 Ra1 56. Ke5 Re1+ 57. Kd6 Ne3 58. Bg7 Nf5+ 59. Kc6 Nxg7 60. Kc7 Re6 0-1

[Event "Titled Tuesday intern op 14th May Late"]
[Site "Chess.com INT"]
[Date "2024.05.14"]
[Round "10"]
[White "Cooklev, Steven"]
[Black "Seletsky, Grigory"]
[Result "0-1"]
[WhiteElo "2014"]
[BlackElo "2220"]
[PlyCount "84"]
[EventDate "2024.05.14"]
[EventType "swiss (blitz)"]
[EventRounds "11"]
[EventCountry "USA"]
[SourceTitle "CB21_2024"]
[SourceDate "2024.05.22"]
[SourceVersion "1"]
[SourceVersionDate "2024.05.22"]
[SourceQuality "1"]

1. e4 c6 2. Nc3 d5 3. Nf3 Bg4 4. Be2 e6 5. d4 Nd7 6. 0-0 Ngf6 7. e5 Ng8 8. h3 Bxf3 9. Bxf3 c5 10. Re1 cxd4 11. Qxd4 Ne7 12. Bg5 Nc6 13. Qg4 h5 14. Qg3 Qb6 15. Nxd5 exd5 16. e6 Nf6 17. Bxf6 gxf6 18. exf7+ Kd7 19. Bxd5 Bd6 20. Qf3 Nd4 21. Qd3 Rad8 22. c3 Nc6 23. Qf5+ Kc7 24. Qxf6 Nb4 25. Qf5 Nxd5 26. c4 Ne7 27. Qg5 Nc6 28. b4 Qxb4 29. Rab1 Qc5 30. Qg7 Rhf8 31. Re8 Qd4 32. Qh7 Qf4 33. c5 Qh2+ 34. Kf1 Bxc5 35. Rxd8 Nxd8 36. Rc1 b6 37. Qxh5 Qh1+ 38. Ke2 Qxc1 39. Qd5 Qb2+ 40. Kf1 Qf6 41. g3 Nc6 42. h4 Qxf2# 0-1

[Event "Titled Tuesday intern op 14th May Late"]
[Site "Chess.com INT"]
[Date "2024.05.14"]
[Round "9"]
[White "Kotyk, Michael"]
[Black "Cooklev, Steven"]
[Result "0-1"]
[WhiteElo "2130"]
[BlackElo "2014"]
[PlyCount "126"]
[EventDate "2024.05.14"]
[EventType "swiss (blitz)"]
[EventRounds "11"]
[EventCountry "USA"]
[SourceTitle "CB21_2024"]
[SourceDate "2024.05.22"]
[SourceVersion "1"]
[SourceVersionDate "2024.05.22"]
[SourceQuality "1"]

1. b3 e5 2. Bb2 Nc6 3. e3 Nf6 4. c4 Bc5 5. a3 a5 6. d4 exd4 7. exd4 Bd6 8. Nf3 0-0 9. Be2 Re8 10. 0-0 b6 11. Nbd2 Ba6 12. Bd3 Ne7 13. d5 Ng6 14. Qc2 Nf4 15. Bxf6 Qxf6 16. Bxh7+ Kh8 17. Ne4 Rxe4 18. Bxe4 g5 19. Qd2 g4 20. Ne1 a4 21. Nd3 axb3 22. Qb2 Qxb2 23. Nxb2 Be5 24. Rab1 Bxb2 25. Rxb2 Bxc4 26. Rc1 Ne2+ 27. Rxe2 Bxe2 28. d6 c6 29. f3 Rxa3 30. Kf2 gxf3 31. gxf3 Bb5 32. h4 b2 33. Rb1 Rb3 34. h5 Kg7 35. Rh1 Kh6 36. Kg3 Bc4 37. Kf4 Bd5 38. Bb1 Rxf3+ 39. Kg4 Rc3 40. Rh2 Rc4+ 41. Kf5 Be6+ 42. Kf6 Rf4+ 43. Ke7 Rb4 44. Rh1 c5 45. Re1 c4 46. Rxe6+ fxe6 47. Kxd7 c3 48. Kxe6 Rd4 49. d7 b5 50. Ke7 b4 51. Bc2 Kxh5 52. d8Q Rxd8 53. Kxd8 b3 54. Bxb3 b1Q 55. Bf7+ Kg5 56. Ke7 Qc1 57. Be6 Qd2 58. Kf7 c2 59. Kg8 c1Q 60. Kf7 Qcc3 61. Ke7 Qdd4 62. Bf7 Qf6+ 63. Ke8 Qc8# 0-1

[Event "Titled Tuesday intern op 23rd Apr Late"]
[Site "Chess.com INT"]
[Date "2024.04.23"]
[Round "8"]
[White "Cooklev, Steven"]
[Black "D'Arruda, Ricardo D"]
[Result "0-1"]
[WhiteElo "2014"]
[BlackElo "2271"]
[PlyCount "64"]
[EventDate "2024.04.23"]
[EventType "swiss (blitz)"]
[EventRounds "11"]
[EventCountry "USA"]
[SourceTitle "CB18_2024"]
[SourceDate "2024.05.01"]
[SourceVersion "1"]
[SourceVersionDate "2024.05.01"]
[SourceQuality "2"]

1. e4 c5 2. Nf3 Nc6 3. Nc3 d6 4. d4 cxd4 5. Nxd4 e6 6. Be2 Nf6 7. 0-0 Be7 8. Be3 a6 9. a4 Qc7 10. f4 0-0 11. Kh1 Bd7 12. Qe1 Rfe8 13. Qg3 Na5 14. e5 Nd5 15. Nxd5 exd5 16. Rae1 Nc4 17. Bc1 Qb6 18. Nf3 Nxb2 19. Ng5 h6 20. Nxf7 Kxf7 21. Bh5+ Kg8 22. e6 Bxa4 23. f5 Bf6 24. Bxh6 Qc7 25. Bf4 Nc4 26. Bf7+ Kf8 27. Qh3 Ne5 28. Rxe5 dxe5 29. Bc1 Ke7 30. Ba3+ Kd8 31. Rb1 Qxc2 32. Rf1 Bb5 0-1

[Event "Titled Tuesday intern op 23rd Apr Late"]
[Site "Chess.com INT"]
[Date "2024.04.23"]
[Round "6"]
[White "Cooklev, Steven"]
[Black "Guzman Lozano, Campo Elias"]
[Result "1/2-1/2"]
[WhiteElo "2014"]
[BlackElo "1902"]
[PlyCount "88"]
[EventDate "2024.04.23"]
[EventType "swiss (blitz)"]
[EventRounds "11"]
[EventCountry "USA"]
[SourceTitle "CB18_2024"]
[SourceDate "2024.05.01"]
[SourceVersion "1"]
[SourceVersionDate "2024.05.01"]
[SourceQuality "2"]

1. e4 c5 2. Nf3 Nc6 3. Nc3 Nf6 4. Bb5 Nd4 5. e5 Nxb5 6. Nxb5 Nd5 7. Ng5 h6 8. Qh5 g6 9. Qf3 hxg5 10. Qxd5 Qb6 11. c4 a6 12. Nc3 e6 13. Qf3 d6 14. d4 cxd4 15. Ne4 dxe5 16. Nf6+ Kd8 17. Bxg5 Be7 18. 0-0 Bd7 19. Nxd7 Kxd7 20. Qxf7 Rae8 21. Rae1 Qd6 22. f4 Rhf8 23. Qxg6 exf4 24. Bxe7 Rxe7 25. Qe4 Kc7 26. c5 Qd7 27. Rxf4 Rd8 28. Rd1 Kc8 29. Rxd4 Qe8 30. Qe5 Rxd4 31. Rxd4 Rd7 32. b4 Rxd4 33. Qxd4 Qg6 34. h3 Qb1+ 35. Kh2 Qxa2 36. h4 Qe2 37. c6 bxc6 38. Qd6 Qe4 39. h5 Kb7 40. h6 Qh4+ 41. Kg1 Qe1+ 42. Kh2 Qh4+ 43. Kg1 Qe1+ 44. Kh2 Qh4+ 1/2-1/2

[Event "Titled Tuesday intern op 15th Aug Late"]
[Site "Chess.com INT"]
[Date "2023.08.15"]
[Round "7"]
[White "Cooklev, Steven"]
[Black "Kula, Robert"]
[Result "1-0"]
[WhiteElo "2014"]
[BlackElo "2284"]
[PlyCount "95"]
[EventDate "2023.08.15"]
[EventType "swiss (blitz)"]
[EventRounds "11"]
[EventCountry "USA"]
[SourceTitle "EXT 2024"]
[Source "ChessBase"]
[SourceDate "2023.10.10"]
[SourceVersion "1"]
[SourceVersionDate "2023.10.10"]
[SourceQuality "1"]

1. e4 e5 2. Bc4 Nf6 3. d3 Be7 4. f4 d6 5. Nf3 exf4 6. Bxf4 0-0 7. Nc3 Be6 8. Bb3 Bxb3 9. axb3 Nc6 10. 0-0 a6 11. Qd2 d5 12. e5 Nh5 13. d4 Nxf4 14. Qxf4 Qd7 15. Rae1 Nd8 16. Ne2 Ne6 17. Qg4 c5 18. Nf4 Kh8 19. Nh5 Qc6 20. c3 cxd4 21. Nxd4 Bc5 22. Kh1 Bxd4 23. cxd4 Rac8 24. Re3 Qb5 25. Ref3 Qd7 26. Rh3 Qe7 27. Nf6 gxf6 28. exf6 Qxf6 29. Rhf3 Qg6 30. Qh4 Nxd4 31. Qxd4+ Kg8 32. Rg3 Rc2 33. Rxg6+ hxg6 34. h3 b5 35. Qxd5 Rxb2 36. Rf6 Kg7 37. Rxa6 Rb1+ 38. Kh2 Rc8 39. Ra7 Rf8 40. Rb7 Rf1 41. Rxb5 Rf5 42. Qc6 Rf2 43. Rb7 Rf6 44. Qc3 g5 45. Rb6 Rc8 46. Qxf6+ Kf8 47. Rb7 Ke8 48. Qxf7+ 1-0

[Event "Titled Tuesday intern op 25th Jul Late"]
[Site "Chess.com INT"]
[Date "2023.07.25"]
[Round "8"]
[White "Cooklev, Steven"]
[Black "Fiorito, Francisco"]
[Result "0-1"]
[WhiteElo "2014"]
[BlackElo "2298"]
[PlyCount "80"]
[EventDate "2023.07.25"]
[EventType "swiss (blitz)"]
[EventRounds "11"]
[EventCountry "USA"]
[SourceTitle "EXT 2024"]
[Source "ChessBase"]
[SourceDate "2023.10.10"]
[SourceVersion "1"]
[SourceVersionDate "2023.10.10"]
[SourceQuality "1"]

1. e4 c5 2. Nf3 Nc6 3. Nc3 g6 4. d4 cxd4 5. Nxd4 Bg7 6. Be3 Nf6 7. Bc4 0-0 8. Bb3 Re8 9. Nxc6 dxc6 10. h3 Qc7 11. Qd2 Rd8 12. Qe2 b6 13. 0-0 Bb7 14. f4 c5 15. e5 Nd5 16. Nxd5 Bxd5 17. Bxd5 Rxd5 18. Rfd1 Rad8 19. Rxd5 Rxd5 20. Rd1 Qd7 21. Rxd5 Qxd5 22. Qa6 Qd1+ 23. Kh2 Qd7 24. a4 h5 25. a5 Qc7 26. axb6 axb6 27. Qa8+ Kh7 28. g4 hxg4 29. hxg4 Bxe5 30. Qd5 Bxf4+ 31. Kh3 e6 32. Bxf4 Qxf4 33. Qd3 Qd4 34. Qf3 Kg7 35. c3 Qd5 36. Qf4 e5 37. Qg5 Qd3+ 38. Kh4 f6 39. Qc1 g5+ 40. Kh5 Qh7# 0-1

[Event "Titled Tuesday intern op 25th Jul Late"]
[Site "Chess.com INT"]
[Date "2023.07.25"]
[Round "11"]
[White "Cooklev, Steven"]
[Black "Povshednyi, Ivan"]
[Result "1-0"]
[WhiteElo "2014"]
[BlackElo "2220"]
[PlyCount "125"]
[EventDate "2023.07.25"]
[EventType "swiss (blitz)"]
[EventRounds "11"]
[EventCountry "USA"]
[SourceTitle "EXT 2024"]
[Source "ChessBase"]
[SourceDate "2023.10.10"]
[SourceVersion "1"]
[SourceVersionDate "2023.10.10"]
[SourceQuality "1"]

1. e4 c6 2. Nc3 d5 3. Nf3 dxe4 4. Nxe4 Nf6 5. Nxf6+ exf6 6. Bc4 Bd6 7. Qe2+ Qe7 8. Qxe7+ Bxe7 9. 0-0 0-0 10. Re1 Bd6 11. d4 Bf5 12. Bb3 Nd7 13. Nh4 Bg4 14. h3 Bh5 15. Bd2 Rfe8 16. f4 Be2 17. Kf2 Ba6 18. g3 g6 19. c4 b6 20. a4 Rxe1 21. Rxe1 Bb7 22. a5 Bc7 23. Nf3 a6 24. axb6 Nxb6 25. Ba5 Nd5 26. Bxc7 Nxc7 27. Re7 Rc8 28. c5 Nb5 29. Rxb7 a5 30. Bxf7+ Kh8 31. d5 cxd5 32. Rxb5 a4 33. Bxd5 a3 34. bxa3 h5 35. c6 Rd8 36. c7 Rc8 37. Rc5 Kg7 38. Be6 Rf8 39. c8Q Rxc8 40. Rxc8 g5 41. fxg5 fxg5 42. Nxg5 Kh6 43. Rh8+ Kg7 44. Rxh5 Kf6 45. Bb3 Kg6 46. Nf3 Kg7 47. g4 Kg6 48. Rb5 Kf6 49. Bd1 Ke6 50. Be2 Kd6 51. a4 Kc6 52. Bf1 Kd6 53. Bg2 Kc6 54. h4 Kd6 55. h5 Ke6 56. a5 Kd6 57. Rb6+ Kc7 58. h6 Kc8 59. h7 Kc7 60. h8Q Kd7 61. Qh7+ Kc8 62. Rg6 Kb8 63. Rg8# 1-0

[Event "Titled Tuesday intern op 11th Jul Late"]
[Site "Chess.com INT"]
[Date "2023.07.11"]
[Round "11"]
[White "Cooklev, Steven"]
[Black "Quirke, Jeffrey"]
[Result "1/2-1/2"]
[WhiteElo "2014"]
[BlackElo "1998"]
[PlyCount "57"]
[EventDate "2023.07.11"]
[EventType "swiss (blitz)"]
[EventRounds "11"]
[EventCountry "USA"]
[SourceTitle "EXT 2024"]
[Source "ChessBase"]
[SourceDate "2023.10.10"]
[SourceVersion "1"]
[SourceVersionDate "2023.10.10"]
[SourceQuality "1"]

1. e4 c5 2. Nf3 g6 3. c3 d5 4. exd5 Qxd5 5. d4 Bg7 6. Be3 Nf6 7. dxc5 Qxd1+ 8. Kxd1 a5 9. Na3 0-0 10. h3 Ne4 11. Bd3 f5 12. Ke2 Na6 13. Bxa6 Rxa6 14. Nc4 Be6 15. Nb6 Rxb6 16. cxb6 Bc4+ 17. Kd1 f4 18. Bd4 Bxd4 19. cxd4 Nxf2+ 20. Kd2 Nxh1 21. Rxh1 Bd5 22. Re1 e6 23. Rc1 Ra8 24. a3 Ra6 25. Rc8+ Kg7 26. Rc7+ Kg8 27. Rc8+ Kg7 28. Rc7+ Kg8 29. Rc8+ 1/2-1/2

[Event "Titled Tuesday intern op 11th Jul Late"]
[Site "Chess.com INT"]
[Date "2023.07.11"]
[Round "8"]
[White "Zavgorodniy, Sergiy"]
[Black "Cooklev, Steven"]
[Result "1-0"]
[WhiteElo "2416"]
[BlackElo "2014"]
[PlyCount "49"]
[EventDate "2023.07.11"]
[EventType "swiss (blitz)"]
[EventRounds "11"]
[EventCountry "USA"]
[SourceTitle "EXT 2024"]
[Source "ChessBase"]
[SourceDate "2023.10.10"]
[SourceVersion "1"]
[SourceVersionDate "2023.10.10"]
[SourceQuality "1"]

1. d4 Nf6 2. c4 e6 3. Nf3 d5 4. e3 a6 5. Nbd2 Be7 6. Bd3 dxc4 7. Nxc4 b5 8. Nce5 Bb7 9. 0-0 Nbd7 10. Nxf7 Kxf7 11. Ng5+ Kg8 12. Nxe6 Qc8 13. Bf5 Be4 14. Bxe4 Nxe4 15. Qb3 Nb6 16. Ng5+ Nc4 17. Nxe4 Qf5 18. Nd2 Qd5 19. a4 Rd8 20. axb5 axb5 21. Ra7 Bd6 22. e4 Qxd4 23. Rb7 Kf8 24. Rxb5 Nxd2 25. Rf5+ 1-0

[Event "Titled Tuesday intern op 04th Jul Late"]
[Site "Chess.com INT"]
[Date "2023.07.04"]
[Round "11"]
[White "Cooklev, Steven"]
[Black "Stojanovski, Sandi"]
[Result "1-0"]
[WhiteElo "2014"]
[BlackElo "2179"]
[PlyCount "49"]
[EventDate "2023.07.04"]
[EventType "swiss (blitz)"]
[EventRounds "11"]
[EventCountry "USA"]
[SourceTitle "EXT 2024"]
[Source "ChessBase"]
[SourceDate "2023.10.10"]
[SourceVersion "1"]
[SourceVersionDate "2023.10.10"]
[SourceQuality "1"]

1. e4 d6 2. d4 Nf6 3. Nc3 g6 4. Bg5 Bg7 5. f4 c6 6. Nf3 Qb6 7. Qd2 d5 8. e5 Ne4 9. Nxe4 dxe4 10. Ng1 Qxb2 11. Rd1 Be6 12. f5 Bxf5 13. Bc4 0-0 14. Ne2 Bg4 15. 0-0 Bxe2 16. Qxe2 e6 17. Be7 Nd7 18. Bxf8 Rxf8 19. Qxe4 Nb6 20. Bd3 Nd5 21. Rb1 Qxa2 22. Rxb7 a5 23. h4 Qa3 24. h5 Ne7 25. hxg6 1-0

[Event "Titled Tuesday intern op 27th Jun Late"]
[Site "Chess.com INT"]
[Date "2023.06.27"]
[Round "1"]
[White "Cooklev, Steven"]
[Black "Bolourchifard, Farzad"]
[Result "0-1"]
[WhiteElo "2039"]
[BlackElo "2292"]
[PlyCount "92"]
[EventDate "2023.06.27"]
[EventType "swiss (blitz)"]
[EventRounds "11"]
[EventCountry "USA"]
[SourceTitle "EXT 2024"]
[Source "ChessBase"]
[SourceDate "2023.10.10"]
[SourceVersion "1"]
[SourceVersionDate "2023.10.10"]
[SourceQuality "1"]

1. e4 e5 2. Bc4 Nf6 3. d3 Nc6 4. Nc3 Bb4 5. Nge2 d5 6. exd5 Nxd5 7. 0-0 Be6 8. Bxd5 Bxd5 9. f4 0-0 10. f5 f6 11. Ng3 Qd7 12. Qg4 Bf7 13. Bh6 Qd4+ 14. Qxd4 exd4 15. Nce4 gxh6 16. Nxf6+ Kh8 17. Rf4 Bd6 18. Rh4 Be7 19. Rxh6 Bxf6 20. Rxf6 Rae8 21. a3 Kg7 22. Rxc6 bxc6 23. Rf1 Bd5 24. Rf4 Re1+ 25. Kf2 Rc1 26. Rxd4 Rxc2+ 27. Ke3 Re8+ 28. Kf4 Rxg2 29. Nh5+ Kh6 30. Nf6 Rf8 31. Nxd5 cxd5 32. Rxd5 Rxb2 33. Ke5 Re2+ 34. Kd4 Rxh2 35. Kc5 Rc2+ 36. Kb5 Rb8+ 37. Ka4 Kg5 38. d4 h5 39. f6+ Kxf6 40. Rxh5 Rc4+ 41. Ka5 Rxd4 42. Rc5 Rb7 43. a4 Ke6 44. Rc6+ Kd7 45. Rc5 Rd6 46. Rxc7+ Rxc7 0-1

[Event "Titled Tuesday intern op 27th Jun Late"]
[Site "Chess.com INT"]
[Date "2023.06.27"]
[Round "3"]
[White "Cooklev, Steven"]
[Black "Cardenas Carbajal, Nilson"]
[Result "1-0"]
[WhiteElo "2039"]
[BlackElo "2126"]
[PlyCount "73"]
[EventDate "2023.06.27"]
[EventType "swiss (blitz)"]
[EventRounds "11"]
[EventCountry "USA"]
[SourceTitle "EXT 2024"]
[Source "ChessBase"]
[SourceDate "2023.10.10"]
[SourceVersion "1"]
[SourceVersionDate "2023.10.10"]
[SourceQuality "1"]

1. e4 c5 2. Nf3 d6 3. d4 cxd4 4. Nxd4 Nf6 5. Nc3 a6 6. Be3 e5 7. Nf3 Qc7 8. a4 h6 9. a5 Be6 10. Be2 Nbd7 11. 0-0 Be7 12. Nd5 Bxd5 13. exd5 0-0 14. c4 Ne4 15. b4 f5 16. Rc1 f4 17. Bd2 b6 18. axb6 Qxb6 19. Bd3 Nxd2 20. Qxd2 a5 21. c5 Qxb4 22. c6 Nc5 23. Bc2 e4 24. Qxb4 axb4 25. Nd4 Rfb8 26. Nf5 Bf8 27. Rfe1 Re8 28. f3 e3 29. g3 g5 30. Kg2 Ra2 31. Kh3 b3 32. Bb1 Rd2 33. gxf4 gxf4 34. Rg1+ Kf7 35. Nh4 Re5 36. Bg6+ Ke7 37. Nf5+ 1-0

[Event "Titled Tuesday intern op 27th Jun Late"]
[Site "Chess.com INT"]
[Date "2023.06.27"]
[Round "7"]
[White "Cooklev, Steven"]
[Black "Perez, Maximiliano"]
[Result "1/2-1/2"]
[WhiteElo "2039"]
[BlackElo "2396"]
[PlyCount "75"]
[EventDate "2023.06.27"]
[EventType "swiss (blitz)"]
[EventRounds "11"]
[EventCountry "USA"]
[SourceTitle "EXT 2024"]
[Source "ChessBase"]
[SourceDate "2023.10.10"]
[SourceVersion "1"]
[SourceVersionDate "2023.10.10"]
[SourceQuality "1"]

1. e4 c5 2. Nf3 Nc6 3. Nc3 e5 4. Bc4 Be7 5. d3 d6 6. 0-0 Nf6 7. Ng5 0-0 8. f4 Bg4 9. Qe1 exf4 10. Bxf4 Nd4 11. Qf2 h6 12. Nf3 Nxf3+ 13. gxf3 Bh3 14. Rfe1 Nh5 15. Bg3 Bf6 16. Kh1 Bd4 17. Qd2 Qf6 18. f4 Qg6 19. Rg1 Bxg1 20. Rxg1 Nxg3+ 21. Rxg3 Qh5 22. Nd5 Kh8 23. f5 b5 24. Bxb5 Rab8 25. Nf4 Qh4 26. Rxh3 Qg5 27. Rg3 Qh4 28. Qc3 Rg8 29. Bc4 Qxf4 30. Bxf7 Qf1+ 31. Rg1 Qf3+ 32. Rg2 d5 33. Bxd5 Rxb2 34. Qxb2 Qf1+ 35. Rg1 Qf3+ 36. Rg2 Qf1+ 37. Rg1 Qf3+ 38. Rg2 1/2-1/2

[Event "Titled Tuesday intern op 23rd May Late"]
[Site "Chess.com INT"]
[Date "2023.05.23"]
[Round "6"]
[White "Cooklev, Steven"]
[Black "Florianovitz, Derlei Alex"]
[Result "1-0"]
[WhiteElo "2039"]
[BlackElo "2079"]
[PlyCount "111"]
[EventDate "2023.05.23"]
[EventType "swiss (blitz)"]
[EventRounds "11"]
[EventCountry "USA"]
[SourceTitle "EXT 2024"]
[Source "ChessBase"]
[SourceDate "2023.10.10"]
[SourceVersion "1"]
[SourceVersionDate "2023.10.10"]
[SourceQuality "1"]

1. e4 e6 2. d4 d5 3. Nd2 c5 4. Ngf3 cxd4 5. Nxd4 Nc6 6. Bb5 Bd7 7. Nxc6 bxc6 8. Bd3 Bd6 9. Qe2 Qc7 10. Nf3 dxe4 11. Qxe4 Nf6 12. Qh4 Be7 13. Qg3 Qxg3 14. hxg3 c5 15. Ne5 Nd5 16. Bd2 Bf6 17. Nxd7 Kxd7 18. 0-0-0 h6 19. c4 Nb6 20. Be4 Nxc4 21. Bc3+ Kc7 22. Bxf6 gxf6 23. Bxa8 Rxa8 24. Rxh6 f5 25. Rh7 Nd6 26. Rdh1 Rb8 27. Rh8 Rb4 28. Ra8 Ra4 29. a3 c4 30. Rh4 e5 31. f3 Kb7 32. Rd8 Kc7 33. Ra8 Kb7 34. Rg8 e4 35. fxe4 fxe4 36. Rd8 Kc7 37. Ra8 Ra5 38. Rf4 Kb7 39. Rd8 Kc7 40. Rxd6 Kxd6 41. Rxe4 Rg5 42. Re3 Kd5 43. Kc2 Kd4 44. Rf3 f5 45. Rf4+ Kd5 46. Rf3 Kd4 47. a4 a5 48. Kd2 Ke4 49. Kc3 Kd5 50. Re3 Rg4 51. Rf3 Rg5 52. b3 cxb3 53. Kxb3 Ke4 54. Kc4 Rh5 55. Rf1 Rg5 56. Re1# 1-0

[Event "Titled Tuesday intern op 16th May Late"]
[Site "Chess.com INT"]
[Date "2023.05.16"]
[Round "6"]
[White "Cooklev, Steven"]
[Black "Liu, Casper Yukun"]
[Result "0-1"]
[WhiteElo "2039"]
[BlackElo "2278"]
[PlyCount "66"]
[EventDate "2023.05.16"]
[EventType "swiss (blitz)"]
[EventRounds "11"]
[EventCountry "USA"]
[SourceTitle "CBM 214 Extra"]
[Source "ChessBase"]
[SourceDate "2023.07.31"]
[SourceVersion "1"]
[SourceVersionDate "2023.07.31"]
[SourceQuality "1"]

1. e4 e5 2. Bc4 Nc6 3. Nc3 Nf6 4. d3 Bc5 5. f4 d6 6. Nf3 Bg4 7. Na4 Nd4 8. Nxc5 dxc5 9. fxe5 Nh5 10. 0-0 Bxf3 11. gxf3 Qh4 12. f4 0-0-0 13. Bxf7 g6 14. c3 Nc6 15. Be3 Rhf8 16. Be6+ Kb8 17. Qg4 Qe7 18. Bd5 Na5 19. b4 cxb4 20. cxb4 Qxb4 21. Rab1 Qa3 22. Qe2 c6 23. Bc1 Qe7 24. Bb3 Nxb3 25. Rxb3 Qh4 26. Qb2 Rd7 27. e6 Rc7 28. Qe5 Qg4+ 29. Kh1 Qe2 30. Rg1 Qf3+ 31. Rg2 Qf1+ 32. Rg1 Ng3+ 33. hxg3 Qh3# 0-1

[Event "Titled Tuesday intern op 09th May Late"]
[Site "Chess.com INT"]
[Date "2023.05.09"]
[Round "9"]
[White "Cooklev, Steven"]
[Black "Kujawski, Adam"]
[Result "0-1"]
[WhiteElo "2039"]
[BlackElo "2173"]
[PlyCount "56"]
[EventDate "2023.05.09"]
[EventType "swiss (blitz)"]
[EventRounds "11"]
[EventCountry "USA"]
[SourceTitle "CBM 214 Extra"]
[Source "ChessBase"]
[SourceDate "2023.07.31"]
[SourceVersion "1"]
[SourceVersionDate "2023.07.31"]
[SourceQuality "1"]

1. e4 e5 2. Bc4 Nf6 3. d3 d5 4. exd5 Nxd5 5. Nf3 Nc6 6. 0-0 Nb6 7. Bb3 Bg4 8. h3 Bh5 9. Re1 Qe7 10. a4 a5 11. Bf4 f6 12. Bc1 0-0-0 13. c3 Kb8 14. Qe2 g5 15. Nbd2 g4 16. Nh2 Bg6 17. Nxg4 h5 18. Ne3 Bxd3 19. Qf3 Bh6 20. Nf5 Bxf5 21. Qxf5 Bxd2 22. Re2 Bxc1 23. Rxc1 Qg7 24. Re3 h4 25. Re4 Qg5 26. Qxg5 fxg5 27. Rce1 Rhf8 28. Rg4 Rd2 0-1

[Event "Titled Tuesday intern op 09th May Late"]
[Site "Chess.com INT"]
[Date "2023.05.09"]
[Round "6"]
[White "Cooklev, Steven"]
[Black "Liu, Casper Yukun"]
[Result "0-1"]
[WhiteElo "2039"]
[BlackElo "2278"]
[PlyCount "78"]
[EventDate "2023.05.09"]
[EventType "swiss (blitz)"]
[EventRounds "11"]
[EventCountry "USA"]
[SourceTitle "CBM 214 Extra"]
[Source "ChessBase"]
[SourceDate "2023.07.31"]
[SourceVersion "1"]
[SourceVersionDate "2023.07.31"]
[SourceQuality "1"]

1. e4 Nc6 2. Nf3 d6 3. d4 Bg4 4. c3 g6 5. Bc4 e6 6. Nbd2 Bg7 7. h3 Bxf3 8. Nxf3 Nf6 9. Qe2 0-0 10. Bb3 e5 11. dxe5 Nxe5 12. Nxe5 dxe5 13. 0-0 Nd7 14. Be3 Qe7 15. Rfd1 Nc5 16. Bc2 c6 17. b4 Ne6 18. g3 a5 19. a3 Rfd8 20. h4 h6 21. Bb3 Kh7 22. Rxd8 Rxd8 23. Rd1 axb4 24. axb4 Ra8 25. Kg2 Ra3 26. Qb2 Ra8 27. Rd3 f5 28. exf5 gxf5 29. Qd2 f4 30. Bb6 e4 31. Rd7 f3+ 32. Kh2 Qf6 33. Bxe6 Qxe6 34. Rxb7 Ra2 35. Qd7 Qxd7 36. Rxd7 Kg8 37. Bd4 Bxd4 38. Rxd4 e3 39. Re4 exf2 0-1

[Event "Titled Tuesday intern op 09th May Late"]
[Site "Chess.com INT"]
[Date "2023.05.09"]
[Round "8"]
[White "Cooklev, Steven"]
[Black "Yeritsyan, Hayk"]
[Result "1-0"]
[WhiteElo "2039"]
[BlackElo "2241"]
[PlyCount "109"]
[EventDate "2023.05.09"]
[EventType "swiss (blitz)"]
[EventRounds "11"]
[EventCountry "USA"]
[SourceTitle "CBM 214 Extra"]
[Source "ChessBase"]
[SourceDate "2023.07.31"]
[SourceVersion "1"]
[SourceVersionDate "2023.07.31"]
[SourceQuality "1"]

1. e4 c6 2. Nc3 d5 3. Nf3 Bg4 4. Be2 e6 5. d4 Nf6 6. e5 Nfd7 7. Ng5 Bxe2 8. Qxe2 h6 9. Qh5 g6 10. Qh3 Qe7 11. 0-0 Bg7 12. Nf3 a6 13. Re1 c5 14. Nxd5 exd5 15. e6 0-0 16. exd7 Qxd7 17. Qxd7 Nxd7 18. Re7 Rad8 19. Bf4 Rfe8 20. Rae1 Rxe7 21. Rxe7 Bf8 22. Re2 c4 23. h3 f6 24. c3 Kf7 25. Kf1 Re8 26. Rxe8 Kxe8 27. Ne1 Kf7 28. Nc2 b5 29. Ne3 Ke6 30. g4 Nb6 31. b3 b4 32. cxb4 Bxb4 33. bxc4 Nxc4 34. Bxh6 Nxe3+ 35. Bxe3 f5 36. gxf5+ Kxf5 37. Ke2 Bc3 38. Kd3 Ba1 39. f3 Bb2 40. Bd2 Ba1 41. Be3 Bb2 42. Kc2 Ba1 43. Kb3 Ke6 44. Kb4 g5 45. Ka5 Kd6 46. Kxa6 Kc6 47. a4 Bc3 48. Ka7 Bb4 49. Bxg5 Ba5 50. Bf6 Bc3 51. Be5 Kd7 52. h4 Ke6 53. Kb6 Kf5 54. a5 Bxa5+ 55. Kxa5 1-0